| 000 | 00000nam##2200000za#4500 |
| 001 | 9.614847 |
| 003 | CaOODSP |
| 005 | 20210615100924 |
| 007 | ta |
| 008 | 150406|2000||||xxc||||| f|0| 0 eng|d |
| 020 | |a0-660-17788-9 |
| 022 | |a0706-6481 |
| 040 | |aCaOODSP|beng |
| 043 | |an-cn--- |
| 086 | 1 |aFs41-31/131E |
| 110 | 1 |aCanada. |bDepartment of Fisheries and Oceans. |
| 245 | 10|aMarine protected areas and fishery closures in British Columbia / |cby Glen S. Jamieson and Joanne Lessard. |
| 260 | |aOttawa - Ontario : |bFisheries and Oceans Canada |c2000. |
| 300 | |ax, 414p. : |bfigs., maps, tables ; |c28 cm. |
| 490 | 1 |aCanadian special publication of fisheries and aquatic sciences|x0706-6481|v131 |
| 500 | |a"This guide provides a summary of available information on marine protected areas and fishery closures in existence along the Pacific Coast in 1997."--Foreword. |
| 504 | |aBibliography. |
| 520 | 3 |aThis guide provides a summary of available information on marine protected areas and fishery closures in existence along the Pacific Coast in 1997.--Foreword |
| 546 | |aRésumés en français |
| 563 | |aSoftcover |
| 590 | |a01-08|b2001-02-23 |
| 690 | 07|aFisheries|2gcpds |
| 690 | 07|aMarine conservation areas|2gcpds |
| 690 | 07|aFisheries policy|2gcpds |
| 720 | 1 |aJamieson, Glen |
| 720 | 1 |aLessard, Joanne |
| 776 | 0#|tMarine protected areas and fishery closures in British Columbia |w(CaOODSP)9.816508 |
| 830 | #0|aCanadian special publication of fisheries and aquatic sciences,|x0706-6481|v131|w(CaOODSP)9.514670 |
| 986 | |aNCR No. 42846 |